000 00873nam a2200205Ia 4500
001 16669
003 GE_BSU
008 181216s||||||||xx |||||||||||||| ||und||
040 _cGE_BSU
245 _aემიგრანტები ; ნევზოროვის თავგადასავალი ანუ იბიკუსი
245 _bრომანები
245 _cთარგმნა აკაკი ბრეგაძემ. რედ.ლ.ალიმონაკი. მხ.გ.წერეთელი
260 _aთბილისი
260 _bმერანი
260 _c1988
300 _a469 გვ. ; 19 სმ.
653 _aემიგრანტები ; ნევზოროვის თავგადასავალი ანუ იბიკუსი
653 _aრომანები
942 _cBK
999 _c49734
_d49734